[Event "Biel Master Tournament 2019"]
[Site "Biel"]
[Date "2019.07.30"]
[Round "8.20"]
[White "Omar, Noaman"]
[Black "Notkevich, Benjamin Arvola"]
[Result "0-1"]
[WhiteElo "2369"]
[BlackElo "2497"]
[Annotator "ChessBase"]
[PlyCount "72"]
[EventDate "2019.07.20"]
[EventType "swiss"]
[EventCountry "SUI"]
[SourceTitle "playchess.com"]
[Source "ChessBase"]
[SourceQuality "1"]
[TimeControl "40/5400+30:1800+30"]

1. d4 {[%emt 0:02:21]} Nf6 {[%emt 0:00:00]} 2. c4 {[%emt 0:00:09]} c5 {[%emt 0:00:00]} 3. d5 {[%emt 0:00:11]} b5 {[%emt 0:00:00]} 4. Nf3 {[%emt 0:01:05]} e6 {[%emt 0:00:47]} 5. Bg5 {[%emt 0:02:24]} b4 {[%emt 0:03:25]} 6. e4 {[%emt 0:01:15]} d6 {[%emt 0:00:06]} 7. a3 {[%emt 0:09:15]} Be7 {[%emt 0:01:34]} 8. axb4 {[%emt 0:08:05]} Nxe4 {[%emt 0:13:03]} 9. Bxe7 {[%emt 0:05:05]} Qxe7 {[%emt 0:00:05]} 10. bxc5 {[%emt 0:02:26]} exd5 {[%emt 0:05:01]} 11. Be2 {[%emt 0:04:28]} dxc4 {[%emt 0:01:30]} 12. O-O {[%emt 0:13:43]} O-O {[%emt 0:01:18]} 13. Bxc4 {[%emt 0:03:21]} Nxc5 {[%emt 0:03:40]} 14. b4 {[%emt 0:08:25]} Ne6 {[%emt 0:02:59]} 15. Nc3 {[%emt 0:00:25]} Nc6 {[%emt 0:08:12]} 16. Nd5 {[%emt 0:01:50]} Qd8 {[%emt 0:04:47]} 17. Re1 {[%emt 0:02:30]} Bb7 {[%emt 0:06:49]} 18. Nd2 {[%emt 0:16:20]} Ne5 {[%emt 0:02:54]} 19. Ba2 {[%emt 0:00:44]} a5 {[%emt 0:16:45]} 20. b5 {[%emt 0:00:45]} Nc5 {[%emt 0:04:23]} 21. Re3 {[%emt 0:01:52]} Rb8 {[%emt 0:03:52]} 22. f4 {[%emt 0:00:39]} Ned3 {[%emt 0:01:27]} 23. Ne7+ {[%emt 0:09:17]} Kh8 {[%emt 0:00:05]} 24. f5 {[%emt 0:03:36]} Re8 {[%emt 0:10:17]} 25. f6 {[%emt 0:00:55]} gxf6 {[%emt 0:00:09]} 26. Qf1 {[%emt 0:01:09]} Nd7 {[%emt 0:00:56]} 27. Qxd3 {[%emt 0:00:39]} Rxe7 {[%emt 0:00:49]} 28. Bb1 {[%emt 0:00:08]} Nf8 {[%emt 0:00:50]} 29. Rxe7 {[%emt 0:00:51]} Qxe7 {[%emt 0:00:07]} 30. Ra4 {[%emt 0:00:28]} Re8 {[%emt 0:01:15]} 31. Nf1 {[%emt 0:00:35]} Ng6 {[%emt 0:00:39]} 32. Qf5 {[%emt 0:00:18]} Kg7 {[%emt 0:00:41]} 33. Rxa5 {[%emt 0:00:18]} Bxg2 {[%emt 0:00:40]} 34. Bd3 {[%emt 0:00:50]} Ba8 {[%emt 0:01:33]} 35. Ra4 {[%emt 0:00:22]} Qb7 {[%emt 0:00:15]} 36. Rg4 {[%emt 0:00:43]} Re5 {[%emt 0:00:05]} 0-1

[Event "Biel Master Tournament 2019"]
[Site "Biel"]
[Date "2019.07.31"]
[Round "9.1"]
[White "Tabatabaei, M.amin"]
[Black "Donchenko, Alexander"]
[Result "1/2-1/2"]
[WhiteElo "2601"]
[BlackElo "2615"]
[Annotator "TA"]
[PlyCount "31"]
[EventDate "2019.07.20"]
[EventType "swiss"]
[EventCountry "SUI"]
[SourceTitle "playchess.com"]
[Source "ChessBase"]
[SourceQuality "1"]

{[%evp 14,17,40,0,0,-1]} 1. e4 c5 2. Nf3 d6 3. d4 cxd4 4. Nxd4 Nf6 5. Nc3 a6 6. Be2 e6 7. Be3 Qc7 8. g4 d5 {B84: Sicilian Scheveningen: 6 Be2 a6, lines without early Be3} 9. exd5 {Predecessor:} Bb4 $146 10. Qd3 Nxd5 11. Bd2 Nxc3 12. Bxc3 Bxc3+ 13. Qxc3 Qxc3+ 14. bxc3 Nd7 15. O-O-O Nc5 16. Bf3 {½-½ (34) Hou,Y (2595)-Navara,D (2707) Prague 2013} 1/2-1/2

[Event "Biel Master Tournament 2019"]
[Site "Biel"]
[Date "2019.07.31"]
[Round "9.2"]
[White "Iturrizaga Bonelli, Eduardo"]
[Black "Kamsky, Gata"]
[Result "1/2-1/2"]
[WhiteElo "2625"]
[BlackElo "2673"]
[Annotator "TA"]
[PlyCount "27"]
[EventDate "2019.07.20"]
[EventType "swiss"]
[EventCountry "SUI"]
[SourceTitle "playchess.com"]
[Source "ChessBase"]
[SourceQuality "1"]

{[%evp 13,14,29,29]} 1. d4 d5 2. c4 c6 3. Nc3 Nf6 4. e3 g6 5. Nf3 Bg7 6. Be2 O-O 7. O-O a6 8. a4 $146 ({Predecessor:} 8. Bd2 Bg4 9. Qb3 Ra7 10. Rfd1 e6 11. h3 Bxf3 12. Bxf3 Nbd7 13. Ne2 Re8 14. Be1 a5 15. Qc2 Nb6 16. b3 {½-½ (41) Aronian,L (2767)-Artemiev,V (2709) Caleta 2019}) 8... a5 9. cxd5 cxd5 10. b3 Bg4 11. Ba3 Bxf3 12. Bxf3 Nc6 13. Rc1 Re8 14. Be2 {½-½ (14) Iturrizaga Bonelli,E (2652)-Kamsky,G (2669) Moscow 2017} 1/2-1/2

[Event "Biel Master Tournament 2019"]
[Site "Biel"]
[Date "2019.07.31"]
[Round "9.4"]
[White "Xiong, Jeffery"]
[Black "Shyam, Sundar M."]
[Result "1-0"]
[WhiteElo "2691"]
[BlackElo "2520"]
[Annotator "TA"]
[PlyCount "31"]
[EventDate "2019.07.20"]
[EventType "swiss"]
[EventCountry "SUI"]
[SourceTitle "playchess.com"]
[Source "ChessBase"]
[SourceQuality "1"]

{[%evp 9,49,15,14,15,10,3,0,0,0,0,0,0,0,-14,47,60,77,66,59,61,125,47,82,87,86,86,85,87,135,125,152,152,154,149,731,722,1087,1078,1016,1016,939,922]} 1. e4 c5 2. Nf3 d6 3. d4 cxd4 4. Qxd4 Nc6 5. Bb5 a6 6. Bxc6+ {B53: Sicilian: 2...d6: Lines with Qxd4} bxc6 7. e5 f6 8. exd6 {The position is equal.} Qxd6 9. Qa4 e5 10. Bd2 $146 ({Predecessor:} 10. O-O Ne7 11. Nc3 a5 12. Nd2 Qb4 13. Nde4 Bf5 14. Rd1 Bxe4 15. Qxb4 axb4 16. Nxe4 Nd5 17. c4 bxc3 {½-½ (17) Ponomariov,R (2713)-Grischuk,A (2794) Tsaghkadzor 2015}) 10... Rb8 11. Na3 Qe6 (11... Ne7 $11) 12. Nc4 $14 Bc5 13. O-O-O $1 {aiming for Rhe1.} Ne7 14. Rhe1 $1 {[%cal Rc4e5] Strongly threatening Ncxe5!} Ng6 {[#]} (14... O-O $14) 15. h4 (15. Ng5 $1 $16 {[%cal Rg5e6][%mdl 512]} fxg5 16. Nxe5 $1 {[%mdl 512]} Nxe5 17. Bc3) 15... h5 {[#]} 16. Be3 {Played: Nc4xe5} 1-0

[Event "Biel Master Tournament 2019"]
[Site "Biel"]
[Date "2019.07.31"]
[Round "9.5"]
[White "Salem, A.R. Saleh"]
[Black "Lalith Babu M R"]
[Result "1-0"]
[WhiteElo "2672"]
[BlackElo "2580"]
[Annotator "TA"]
[PlyCount "107"]
[EventDate "2019.07.20"]
[EventType "swiss"]
[EventCountry "SUI"]
[SourceTitle "playchess.com"]
[Source "ChessBase"]
[SourceQuality "1"]

{[%evp 24,107,0,0,47,0,0,7,34,10,33,25,48,31,52,40,61,35,42,48,31,36,41,45,83,88,83,79,83,78,78,77,79,81,133,133,133,133,133,124,134,132,132,91,97,87,91,74,104,100,96,102,125,135,130,102,102,89,112,117,116,89,135,143,179,31,607,581,578,324,348,348,308,84,99,0,310,248,991,942,897,890,853,260,2372,2289]} 1. d4 Nf6 2. c4 e6 3. Nf3 b6 4. a3 Bb7 5. Nc3 d5 6. cxd5 Nxd5 7. e3 Be7 8. Bb5+ c6 9. Bd3 c5 10. e4 Nxc3 11. bxc3 O-O 12. O-O cxd4 13. cxd4 b5 {[#] E12: Queen's Indian: Unusual White 4th moves, 4 a3, 4 Nc3 Bb7 5 a3 and 4 Nc3 Bb7} 14. d5 $146 ({Predecessor:} 14. Bf4 a6 15. a4 Nd7 16. Qe2 bxa4 17. Rxa4 {1-0 (46) Sokolov,I (2652)-Teske,H (2524) Calatrava 2007}) 14... exd5 15. e5 Nd7 {The position is equal.} 16. Bxb5 Rb8 (16... d4 $5) 17. Bf4 Nc5 18. Nd4 Ne6 19. Be3 Nxd4 20. Bxd4 Qa5 21. Qe2 Bc8 22. a4 Bf5 23. Qf3 Bg6 24. Qe3 ({Not} 24. Qxd5 $2 Rfd8 $19) 24... a6 25. Bd7 $1 Qd8 26. e6 fxe6 27. Bxe6+ Bf7 28. Rab1 Bf6 {[#]} (28... Rxb1 $142 29. Rxb1 Bf6) 29. Rxb8 $1 $16 Qxb8 30. Bxf6 gxf6 31. Bxf7+ Rxf7 {[%mdl 4096] Endgame KQR-KQR} 32. Qe6 Qb3 33. Qg4+ Kf8 34. h3 {Strongly threatening Rc1.} Qc4 35. Qg3 Qc7 36. Qd3 Qc4 37. Qa3+ Kg7 38. Qg3+ Kh6 39. Qe3+ Kg7 40. a5 Qb4 41. Qg3+ Kh6 42. Qg8 Rg7 43. Qxd5 Qc3 44. Rd1 (44. Qd6 $18) 44... Qxh3 $2 {[%mdl 8192] [#]} (44... Rg5 $14 45. Qe4 Qxh3) 45. Rd4 $1 $18 Qh5 46. Qc4 {Threatens to win with Rh4.} Qe5 47. Rh4+ Kg6 48. Rg4+ $2 (48. Qc2+ $18 {has better winning chances.} Kf7 49. Re4 (49. Rxh7 Rxh7 50. Qxh7+ Kf8 $16)) 48... Kh6 $16 49. Rh4+ $2 (49. Re4 $16 Rc7 50. Rxe5 Rxc4 51. Re6 {[%mdl 64] Double Attack}) 49... Kg6 $18 50. Re4 Qd6 $2 (50... Qf5 51. Rf4 Qe5) 51. Rd4 Qe5 52. Qc2+ Kh5 53. Qd1+ $2 (53. Qd3) 53... Kg6 $2 (53... Kh6 54. Rh4+ Kg6 55. Rg4+ Kh6) 54. Rd5 {Accuracy: White = 58%, Black = 44%.} 1-0

[Event "Biel Master Tournament 2019"]
[Site "Biel"]
[Date "2019.07.31"]
[Round "9.6"]
[White "Erigaisi Arjun"]
[Black "Jumabayev, Rinat"]
[Result "1/2-1/2"]
[WhiteElo "2531"]
[BlackElo "2633"]
[Annotator "TA"]
[PlyCount "26"]
[EventDate "2019.07.20"]
[EventType "swiss"]
[EventCountry "SUI"]
[SourceTitle "playchess.com"]
[Source "ChessBase"]
[SourceQuality "1"]

{[%evp 9,14,29,30,12,13,14,19]} 1. d4 d5 2. Nf3 Nf6 3. c4 c6 4. e3 Bf5 5. Nc3 a6 6. Bd3 {D15: Slav Defence: 4 Nc3 a6 and gambit lines after 4 Nc3 dxc4} Bxd3 7. Qxd3 e6 {Predecessor:} 8. e4 $146 dxe4 9. Nxe4 Nxe4 10. Qxe4 Bb4+ 11. Kf1 Be7 12. g3 Nd7 13. Kg2 O-O {½-½ (39) Vidit,S (2695)-Andreikin,D (2725) chess.com INT 2019} 1/2-1/2

[Event "Biel Master Tournament 2019"]
[Site "Biel"]
[Date "2019.07.31"]
[Round "9.7"]
[White "Moussard, Jules"]
[Black "Martirosyan, Haik M."]
[Result "1-0"]
[WhiteElo "2576"]
[BlackElo "2619"]
[Annotator "TA"]
[PlyCount "87"]
[EventDate "2019.07.20"]
[EventType "swiss"]
[EventCountry "SUI"]
[SourceTitle "playchess.com"]
[Source "ChessBase"]
[SourceQuality "1"]

{[%evp 14,87,15,5,15,10,33,12,27,0,0,0,0,-14,-14,-14,-14,-15,-15,-15,0,-16,17,-20,64,76,75,80,122,107,120,117,112,113,139,113,112,108,279,251,245,258,294,287,285,150,156,149,151,152,151,136,275,269,275,257,260,258,364,358,372,372,372,360,346,351,531,528,516,500,549,560,547,522,541,502]} 1. e4 e6 2. d4 d5 3. Nc3 {[%cal Bb1c3,Bc3e2,Be2f4][%mdl 32]} Nf6 4. e5 Nfd7 5. Nce2 c5 6. c3 Nc6 7. Nf3 Qb6 8. a3 c4 {C11: French: Classical System: 4 e5 and 4 Bg5 dxe4} (8... cxd4 9. cxd4 f6 10. Nf4 fxe5 11. Nxe6 e4 12. Nfg5 Nf6 13. Bf4 Bxe6 14. Nxe6 Kf7 15. Nc7 Rd8 16. Nb5 Rc8 17. Be3 {½-½ (42) Nisipeanu,L (2674)-Kindermann,S (2500) Germany 2019}) 9. Nf4 h6 10. g3 $146 ({Predecessor:} 10. Nd2 Na5 11. Rb1 Qc7 12. Qg4 Qd8 13. Nxe6 fxe6 14. Qxe6+ Qe7 15. Qxd5 Nc6 16. Nxc4 {½-½ (59) Petrov,M (1654)-Dorozhkina,M (1501) Ruzomberok 2017}) 10... Na5 {The position is equal.} 11. h4 Qc7 12. Be3 Nb6 13. Bh3 Bd7 14. O-O O-O-O 15. Nd2 Ba4 16. Qe2 Qd7 17. Ng2 Re8 18. f4 f5 ({Black should play} 18... g6 $11) 19. h5 $14 Qf7 20. g4 $36 {[%mdl 2048] Black is under strong pressure.} Be7 21. gxf5 exf5 22. Bf2 Bd7 23. Kh2 Reg8 24. Bh4 {e6! is the strong threat.} g5 25. hxg6 $1 Rxg6 $2 {[#]} (25... Qxg6 $16 26. Rg1 (26. Bxe7 Qg3+ 27. Kg1 Qxh3 $14) 26... Nc6) 26. Bxe7 $18 Qxe7 27. Nf3 Rf8 28. Nfh4 Rgg8 29. Qf2 (29. Rae1 $18) 29... Nc6 $16 30. Ne3 {[%cal Rh4f5]} Qh7 31. Rg1 {Threatens to win with Bxf5.} Ne7 32. Rxg8 Qxg8 (32... Rxg8 $16 33. Rg1 Rxg1 34. Kxg1 Qf7) 33. Rg1 $18 {[%cal Ba1g1,Bg1g3,Bg3g7][%mdl 32]} Qf7 34. Rg3 Qh5 35. Rg7 Kd8 (35... Rf7 {was worth a try.} 36. Rxf7 Qxf7) 36. Bg2 Be6 37. Bf3 Qe8 38. Qg2 Rf7 39. Rg3 Qb5 (39... Rf8 {might work better.} 40. Ng6 Rg8) 40. Bh5 {White is clearly winning.} Rf8 41. Ng6 Re8 42. Nxe7 Rxe7 43. Bg6 Qd7 44. Qh3 {Accuracy: White = 69%, Black = 53%.} 1-0

[Event "Biel Master Tournament 2019"]
[Site "Biel"]
[Date "2019.07.31"]
[Round "9.8"]
[White "Puranik, Abhimanyu"]
[Black "Erdos, Viktor"]
[Result "1-0"]
[WhiteElo "2550"]
[BlackElo "2603"]
[Annotator "TA"]
[PlyCount "117"]
[EventDate "2019.07.20"]
[EventType "swiss"]
[EventCountry "SUI"]
[SourceTitle "playchess.com"]
[Source "ChessBase"]
[SourceQuality "1"]

{[%evp 10,117,42,37,35,36,40,14,13,8,19,1,16,13,32,31,43,38,38,38,57,47,68,50,63,43,106,102,113,104,344,351,343,354,350,336,413,301,437,407,328,327,500,493,494,460,447,357,405,427,413,402,478,460,463,453,472,469,662,664,600,509,504,498,606,607,754,778,773,779,778,779,739,752,645,623,712,278,826,826,826,618,750,432,1767,1219,1161,1116,3781,3781,29961,29953,29973,29974,29974,29975,29975,29976,29976,29977,29977,29978,29978,29979,29979,29980,29980,29981,29977,29978]} 1. e4 e5 2. Nf3 Nc6 3. Bc4 Nf6 4. d3 h6 5. c3 d6 6. O-O g5 {C55: Two Knights: 4 d3, 4 d4 exd4 5 e5 and Max Lange Attack} 7. a4 Bg7 8. Na3 {[%cal Bb1a3,Ba3c2,Bc2e3][%mdl 32]} Ne7 {[%cal Bc6e7,Be7g6,Bg6f4][%mdl 32] The position is equal.} 9. Nc2 c6 10. Re1 O-O 11. d4 Ng6 $146 ({Predecessor:} 11... Qc7 12. Bd3 Ng6 13. Ne3 Re8 14. dxe5 dxe5 {0-1 (34) Nasuta,G (2490)-Wojtaszek,R (2730) Poland 2018}) 12. dxe5 dxe5 13. Nd2 Nf4 14. Ne3 h5 15. Qc2 g4 16. Bf1 Nh7 17. Ndc4 Ng5 ({Better is} 17... Qf6 $14) 18. Nf5 $1 $16 Bxf5 19. exf5 Qc7 $2 {[#]} (19... Re8 $16) 20. f6 $1 $18 {[%mdl 576] Decoy} Bxf6 21. Qf5 $1 {[%csl LRe5,LRf6][%mdl 64] Double Attack} Kg7 22. Nxe5 Nfe6 23. Bc4 {Black must now prevent Bxg5.} Rae8 (23... Rfe8 $142 24. h3 gxh3 25. gxh3 Bxe5 26. Bxg5 Nxg5) 24. Bxg5 Nxg5 {[#]} 25. Nd7 $1 {[%mdl 576] Double Attack} Rxe1+ (25... Qd8 $142 26. Nxf8 Rxf8) 26. Rxe1 Qd6 {intending ...Rd8.} 27. Nxf8 Kxf8 28. Bb3 Kg7 29. Rd1 Qe7 30. Kf1 b5 31. axb5 cxb5 32. Rd7 Qe8 33. Rxa7 b4 (33... Qb8 $142) 34. cxb4 Qc6 35. Qc2 Qd6 36. Qc4 Bd4 37. Ra5 Qf4 {[%csl Gd4][%cal Rf4f2]} 38. Rxg5+ Kf6 39. Rf5+ {[%mdl 64] Decoy} Kxf5 40. Qxf7+ Kg5 41. Qxf4+ Kxf4 {[%mdl 4096] Endgame KB-KB} 42. Bf7 h4 43. b3 $2 (43. g3+ hxg3 44. hxg3+ (44. fxg3+ Ke5 $16) 44... Ke5 45. Bh5) 43... Bc3 $2 (43... Ke5 44. Ke2 Kf5) 44. b5 Bd4 45. Ke2 Bb6 46. Be6 Kg5 (46... g3 $142 47. fxg3+ hxg3) 47. Bc8 Bc7 48. g3 Bb6 49. f3 gxf3+ 50. Kxf3 {White mates.} Bc7 51. gxh4+ Kxh4 52. h3 Kg5 53. Ke4 Bg3 54. Kd5 Kf6 55. b6 Ke7 {[#]} 56. b7 $1 Kd8 57. Kc6 Ke7 58. Bg4 Kd8 {[#]} 59. h4 $1 {Accuracy: White = 85%, Black = 30%.} 1-0

[Event "Biel Master Tournament 2019"]
[Site "Biel"]
[Date "2019.07.31"]
[Round "9.9"]
[White "Aryan, Chopra"]
[Black "Gopal G.N."]
[Result "1/2-1/2"]
[WhiteElo "2553"]
[BlackElo "2594"]
[Annotator "ChessBase"]
[PlyCount "87"]
[EventDate "2019.07.20"]
[EventType "swiss"]
[EventCountry "SUI"]
[SourceTitle "playchess.com"]
[Source "ChessBase"]
[SourceQuality "1"]
[TimeControl "40/5400+30:1800+30"]

1. e4 {[%emt 0:00:00]} c5 {[%emt 0:00:00]} 2. Nf3 {[%emt 0:00:00]} d6 {[%emt 0:00:00]} 3. d4 {[%emt 0:00:00]} cxd4 {[%emt 0:00:00]} 4. Nxd4 {[%emt 0:00:00]} Nf6 {[%emt 0:00:00]} 5. Nc3 {[%emt 0:00:00]} a6 {[%emt 0:00:00]} 6. Nb3 {[%emt 0:00:00]} Nbd7 {[%emt 0:02:35]} 7. a4 {[%emt 0:00:18]} b6 {[%emt 0:06:14]} 8. g4 {[%emt 0:01:25]} Bb7 {[%emt 0:00:17]} 9. Bg2 {[%emt 0:00:40]} h6 {[%emt 0:01:30]} 10. h4 {[%emt 0:02:54]} g6 {[%emt 0:05:40]} 11. Qe2 {[%emt 0:17:18]} Rc8 {[%emt 0:18:36]} 12. Rh3 {[%emt 0:10:24]} Bg7 {[%emt 0:10:06]} 13. h5 {[%emt 0:15:09]} g5 {[%emt 0:06:31]} 14. Nd4 {[%emt 0:01:55]} Ne5 {[%emt 0:14:21]} 15. Nf5 {[%emt 0:01:33]} Bf8 {[%emt 0:00:08]} 16. f4 {[%emt 0:03:27]} gxf4 {[%emt 0:00:10]} 17. Bxf4 {[%emt 0:00:21]} e6 {[%emt 0:01:35]} 18. O-O-O {[%emt 0:19:38]} Qc7 {[%emt 0:09:34]} 19. Nxh6 {[%emt 0:01:05]} Rxh6 {[%emt 0:08:55]} 20. g5 {[%emt 0:00:40]} Rxh5 {[%emt 0:00:32]} 21. Bxe5 {[%emt 0:09:02]} dxe5 {[%emt 0:01:20]} 22. Rxh5 {[%emt 0:03:32]} Nxh5 {[%emt 0:00:04]} 23. Qxh5 {[%emt 0:00:05]} b5 {[%emt 0:04:17]} 24. g6 {[%emt 0:05:33]} b4 {[%emt 0:00:58]} 25. gxf7+ {[%emt 0:00:15]} Qxf7 {[%emt 0:00:19]} 26. Qxf7+ {[%emt 0:00:34]} Kxf7 {[%emt 0:00:01]} 27. Rd7+ {[%emt 0:00:10]} Kf6 {[%emt 0:04:49]} 28. Rxb7 {[%emt 0:00:07]} bxc3 {[%emt 0:00:01]} 29. Rb6 {[%emt 0:04:30]} Bc5 {[%emt 0:03:53]} 30. Rxe6+ {[%emt 0:00:59]} Kxe6 {[%emt 0:00:04]} 31. Bh3+ {[%emt 0:00:05]} Kd6 {[%emt 0:00:04]} 32. Bxc8 {[%emt 0:00:05]} cxb2+ {[%emt 0:00:25]} 33. Kxb2 {[%emt 0:00:01]} a5 {[%emt 0:00:14]} 34. Kb3 {[%emt 0:00:08]} Kc6 {[%emt 0:01:12]} 35. Kc4 {[%emt 0:00:06]} Bf2 {[%emt 0:02:02]} 36. Ba6 {[%emt 0:00:07]} Be3 {[%emt 0:00:44]} 37. Bb5+ {[%emt 0:00:09]} Kd6 {[%emt 0:00:44]} 38. Be8 {[%emt 0:00:07]} Kc7 {[%emt 0:00:27]} 39. Kd5 {[%emt 0:00:32]} Bd4 {[%emt 0:00:22]} 40. c4 {[%emt 0:00:18]} Bc3 {[%emt 0:00:31]} 41. c5 {[%emt 0:30:12]} Bd4 {[%emt 0:30:36]} 42. Kc4 {[%emt 0:00:16]} Be3 {[%emt 0:00:26]} 43. Kb5 {[%emt 0:00:06]} Bd2 {[%emt 0:00:01]} 44. c6 {[%emt 0:00:16]} 1/2-1/2

[Event "Biel Master Tournament 2019"]
[Site "Biel"]
[Date "2019.07.31"]
[Round "9.10"]
[White "Vaibhav, Suri"]
[Black "Bellahcene, Bilel"]
[Result "1/2-1/2"]
[WhiteElo "2591"]
[BlackElo "2541"]
[Annotator "ChessBase"]
[PlyCount "93"]
[EventDate "2019.07.20"]
[EventType "swiss"]
[EventCountry "SUI"]
[SourceTitle "playchess.com"]
[Source "ChessBase"]
[SourceQuality "1"]
[TimeControl "40/5400+30:1800+30"]

1. e4 {[%emt 0:00:00]} c5 {[%emt 0:05:57]} 2. Nf3 {[%emt 0:00:31]} d6 {[%emt 0:00:03]} 3. d4 {[%emt 0:00:09]} cxd4 {[%emt 0:00:03]} 4. Nxd4 {[%emt 0:00:07]} Nf6 {[%emt 0:00:03]} 5. Nc3 {[%emt 0:00:09]} a6 {[%emt 0:00:02]} 6. Be2 {[%emt 0:00:16]} e5 {[%emt 0:00:04]} 7. Nb3 {[%emt 0:00:08]} Be7 {[%emt 0:00:09]} 8. Be3 {[%emt 0:00:08]} Be6 {[%emt 0:00:06]} 9. f4 {[%emt 0:00:35]} exf4 {[%emt 0:00:10]} 10. Bxf4 {[%emt 0:00:07]} Nc6 {[%emt 0:00:02]} 11. Qd2 {[%emt 0:00:12]} d5 {[%emt 0:00:02]} 12. exd5 {[%emt 0:03:15]} Nxd5 {[%emt 0:00:28]} 13. Nxd5 {[%emt 0:01:32]} Qxd5 {[%emt 0:00:05]} 14. O-O-O {[%emt 0:00:38]} Qxg2 {[%emt 0:00:06]} 15. Rhg1 {[%emt 0:01:32]} Qe4 {[%emt 0:00:06]} 16. Rxg7 {[%emt 0:00:21]} Rd8 {[%emt 0:00:03]} 17. Qe3 {[%emt 0:00:10]} Rxd1+ {[%emt 0:00:33]} 18. Bxd1 {[%emt 0:00:26]} Qxe3+ {[%emt 0:00:03]} 19. Bxe3 {[%emt 0:00:06]} h5 {[%emt 0:00:02]} 20. Bf3 {[%emt 0:10:18]} Bg4 {[%emt 0:02:23]} 21. Bxg4 {[%emt 0:18:12]} Kf8 {[%emt 0:00:17]} 22. Bc8 {[%emt 0:03:39]} Kxg7 {[%emt 0:00:05]} 23. Bxb7 {[%emt 0:00:04]} Nb8 {[%emt 0:01:21]} 24. c4 {[%emt 0:24:25]} Bd6 {[%emt 0:17:51]} 25. h3 {[%emt 0:03:44]} Re8 {[%emt 0:04:44]} 26. Kd2 {[%emt 0:00:42]} f5 {[%emt 0:07:08]} 27. c5 {[%emt 0:04:59]} Bc7 {[%emt 0:04:29]} 28. Nd4 {[%emt 0:02:21]} Kf6 {[%emt 0:08:09]} 29. b4 {[%emt 0:02:05]} h4 {[%emt 0:08:45]} 30. a4 {[%emt 0:06:32]} Rg8 {[%emt 0:04:02]} 31. Nf3 {[%emt 0:03:07]} Rg2+ {[%emt 0:05:32]} 32. Kc3 {[%emt 0:01:51]} Rg3 {[%emt 0:01:55]} 33. Bd4+ {[%emt 0:06:20]} Ke7 {[%emt 0:01:52]} 34. Bf2 {[%emt 0:03:16]} Rxh3 {[%emt 0:14:18]} 35. Bxh4+ {[%emt 0:00:16]} Kd7 {[%emt 0:00:27]} 36. b5 {[%emt 0:00:20]} axb5 {[%emt 0:00:05]} 37. axb5 {[%emt 0:00:01]} Bd8 {[%emt 0:05:20]} 38. Bf2 {[%emt 0:00:43]} Kc7 {[%emt 0:01:39]} 39. Bd5 {[%emt 0:00:47]} Nd7 {[%emt 0:00:01]} 40. b6+ {[%emt 0:03:22]} Kb8 {[%emt 0:02:09]} 41. Kc4 {[%emt 0:07:23]} f4 {[%emt 0:07:45]} 42. Kb5 {[%emt 0:06:17]} Nxb6 {[%emt 0:02:40]} 43. cxb6 {[%emt 0:00:01]} Rh5 {[%emt 0:00:07]} 44. Kc4 {[%emt 0:00:16]} Rxd5 {[%emt 0:00:10]} 45. Kxd5 {[%emt 0:00:01]} Kb7 {[%emt 0:00:05]} 46. Ke4 {[%emt 0:01:01]} Bxb6 {[%emt 0:00:05]} 47. Kxf4 {[%emt 0:00:01]} 1/2-1/2